[Event "Miercurea Ciuc Bancpost op 20th"]
[Site "Miercurea Ciuc"]
[Date "2017.08.21"]
[Round "5"]
[White "Wunder, Tamas Gabor"]
[Black "Fola, Marcel Dan"]
[Result "1/2-1/2"]
[WhiteElo "1643"]
[BlackElo "1638"]
[PlyCount "28"]
[EventDate "2017.08.17"]
[EventType "swiss"]
[EventRounds "9"]
[EventCountry "ROU"]
[SourceTitle "EXT 2020"]
[Source "ChessBase"]
[SourceDate "2019.10.17"]
[SourceVersion "1"]
[SourceVersionDate "2019.10.17"]
[SourceQuality "1"]

1. e4 e5 2. Nf3 Be7 3. d4 Nf6 4. Bd3 d5 5. Nc3 dxe4 6. Nxe4 c5 7. c3 exd4 8. cxd4 Bd7 9. 0-0 Nc6 10. Be3 a6 11. h3 h6 12. Nxf6+ Bxf6 13. Be4 Rc8 14. Bxc6 Rxc6 1/2-1/2

[Event "Miercurea Ciuc Bancpost op 20th"]
[Site "Miercurea Ciuc"]
[Date "2017.08.20"]
[Round "4"]
[White "Voegerl, Ronald"]
[Black "Wunder, Tamas Gabor"]
[Result "1-0"]
[WhiteElo "1964"]
[BlackElo "1643"]
[PlyCount "53"]
[EventDate "2017.08.17"]
[EventType "swiss"]
[EventRounds "9"]
[EventCountry "ROU"]
[SourceTitle "EXT 2020"]
[Source "ChessBase"]
[SourceDate "2019.10.17"]
[SourceVersion "1"]
[SourceVersionDate "2019.10.17"]
[SourceQuality "1"]

1. d4 c6 2. c4 d5 3. Nf3 Nf6 4. g3 g6 5. Bg2 Bg7 6. 0-0 0-0 7. Nc3 b6 8. cxd5 cxd5 9. Bf4 Bb7 10. Rc1 a6 11. Qb3 e6 12. Na4 Nbd7 13. Bc7 Qe7 14. Nxb6 Ra7 15. Nxd7 Nxd7 16. Bf4 Rc8 17. Rxc8+ Bxc8 18. Rc1 Qd8 19. Ne5 Nxe5 20. Qb8 Nc4 21. Qxa7 Qd7 22. Qxd7 Bxd7 23. b3 Nb6 24. e3 Kf8 25. Bf1 a5 26. Bc7 Nc8 27. Bxa5 1-0

[Event "ROM-chT2"]
[Site "Mamaia"]
[Date "2015.10.06"]
[Round "4.5"]
[White "Wunder, Tamas Gabor"]
[Black "Vrencian, Lehel"]
[Result "0-1"]
[WhiteElo "1740"]
[BlackElo "2186"]
[PlyCount "34"]
[EventDate "2015.10.03"]
[EventType "team-tourn"]
[EventRounds "9"]
[EventCountry "ROU"]
[SourceTitle "CBM 169 Extra"]
[Source "ChessBase"]
[SourceDate "2015.12.18"]
[SourceVersion "1"]
[SourceVersionDate "2015.12.18"]
[SourceQuality "1"]
[WhiteTeam "Brasov CSU"]
[BlackTeam "Arad Vados"]
[WhiteTeamCountry "ROU"]
[BlackTeamCountry "ROU"]

1. e4 c5 2. f4 Nc6 3. Nf3 e6 4. c4 d6 5. Nc3 Be7 6. d4 cxd4 7. Nxd4 Nf6 8. Be3 0-0 9. Be2 Bd7 10. 0-0 a6 11. Bf3 Qc7 12. a3 Rac8 13. Nxc6 Bxc6 14. b3 b5 15. cxb5 axb5 16. Rc1 Qb7 17. Na2 Bxe4 0-1